000 00470pab a2200157 454500
008 180718b xxu||||| |||| 00| 0 eng d
100 _aConnolly, Michael
245 _aPolicy differences within the United Kingdom: the case of housing policy in Northern Ireland 1979-89
650 _a U.K
650 _a Housing Policy
650 _a Case Study
650 _aHousing - Northern Ireland
700 _aKnox, Colin
773 _aPublic Administration (U.K.)
909 _a2390
999 _c2390
_d2390